000 00823nam a22002177a 4500
999 _c10807
_d10807
003 AR-CdUCM
008 190402b ||||| |||| 00| 0 spa d
040 _aMUNICIPALIDAD PROVINCIAL DEL CUSCO
_cBIBLIOTECA MUNICIPAL DEL CUSCO
082 _a780.7 /
_bG18 / 1955
100 _aGaliano, Ernesto C.
_927847
245 _aCultura musical :
_bTexto para la enseñanza secundaria, normal y comercial /
260 _aBuenos Aires :
_bRecordi americana,
_c1955.
300 _a153 paginas ;
_c23 cm.
505 _aContenido : Programa oficial d estudio -- El segundo plan quinquenal y la cultura musical -- Prologo de Guillermo Locatelli -- Al estudiante ...
650 _aMúsica
_91443
650 _aCultura
_9126
650 _aTexto
_9816
700 _aBariellles, Oscar S.
_927848
942 _2ddc
_cLIBROS
945 _arah